00447nam a2200145 a 450000500170000000800410001702000150005805000240007310000240009724500850012126000420020630000210024865000120026970000200028120140310183503.0100921s19uu xx 00 eng d a0451154681 aHV 6248b.T164 1987 aTanebaum, Robert K. aThe piano teacher :bthe true story of a psychotic killer /cRobert K. Tanebaum. aNew York :bNAl Penguin, Inc.,c1987. a301 p. :c18 cm. aFiction aPeter Greenberg